[Event "Sygnity Extraliga 2013"]
[Site "Katowice"]
[Date "2013.09.14"]
[Round "7"]
[White "Czerwonski, Aleksander"]
[Black "Jasik, Krzysztof"]
[Result "1/2-1/2"]
[WhiteElo "2377"]
[BlackElo "2361"]
[PlyCount "87"]
[EventDate "2013.09.??"]
[EventType "team-swiss"]
[EventRounds "9"]
[EventCountry "POL"]
[SourceDate "2005.09.12"]

1. d4 Nf6 2. c4 c5 3. d5 b5 4. cxb5 a6 5. bxa6 Bxa6 6. Nc3 d6 7. e4 Bxf1 8.
Kxf1 g6 9. g3 Bg7 10. Kg2 O-O 11. Nf3 Nbd7 12. Re1 Qb6 13. Qe2 Qb7 14. a4 Rfb8
15. Ra3 Ne8 16. Nd2 Nc7 17. f4 Qa6 18. Nb5 Nxb5 19. axb5 Qb7 20. Nb1 Bd4 21.
Rxa8 Qxa8 22. Na3 Qa4 23. Qd3 Bg7 24. Re2 Qb4 25. Rc2 Nf6 26. Rc4 Qe1 27. Qd2
Qxd2+ 28. Bxd2 Ng4 29. Rc2 f5 30. e5 dxe5 31. h3 Nf6 32. Rxc5 Ne4 33. Rc2 Nd6
34. fxe5 Bxe5 35. Bc3 Bg7 36. Bxg7 Kxg7 37. Re2 Rb7 38. g4 fxg4 39. hxg4 Nxb5
40. Nxb5 Rxb5 41. Rxe7+ Kf6 42. Rxh7 Rxb2+ 43. Kf3 Rb3+ 44. Ke4 {Ke5+} 1/2-1/2

[Event "Sygnity Extraliga 2013"]
[Site "Katowice"]
[Date "2013.09.14"]
[Round "7"]
[White "Zawadzka, Jolanta"]
[Black "Kadziolka, Beata"]
[Result "1/2-1/2"]
[WhiteElo "2377"]
[BlackElo "2306"]
[PlyCount "58"]
[EventDate "2013.09.??"]
[EventType "team-swiss"]
[EventRounds "9"]
[EventCountry "POL"]
[SourceDate "2005.09.12"]

1. e4 c5 2. Nf3 Nc6 3. d4 cxd4 4. Nxd4 e5 5. Nb5 d6 6. c4 Be7 7. N1c3 a6 8. Na3
f5 9. exf5 Bxf5 10. Be2 Nf6 11. O-O O-O 12. Nc2 Rc8 13. b3 b5 14. Ne3 Be6 15.
Ncd5 Nd4 16. Bd3 Nxd5 17. cxd5 Bd7 18. Bb2 Qb6 19. Kh1 Nf5 20. Nxf5 Bxf5 21.
Bxf5 Rxf5 22. Qg4 Rcf8 23. f3 Qe3 24. Rab1 Qd2 25. Rfd1 Qe2 26. Re1 Qd2 27.
Red1 Qe2 28. Re1 Qd2 29. Red1 Qe2 1/2-1/2

[Event "Sygnity Extraliga 2013"]
[Site "Katowice"]
[Date "2013.09.14"]
[Round "7"]
[White "Pieniazek, Artur"]
[Black "Jakubowski, Krzysztof"]
[Result "1/2-1/2"]
[WhiteElo "2349"]
[BlackElo "2513"]
[PlyCount "70"]
[EventDate "2013.09.??"]
[EventType "team-swiss"]
[EventRounds "9"]
[EventCountry "POL"]
[SourceDate "2005.09.12"]

1. d4 Nf6 2. c4 e6 3. Nc3 Bb4 4. e3 b6 5. Nge2 Bb7 6. a3 Bxc3+ 7. Nxc3 O-O 8.
d5 c6 9. e4 exd5 10. exd5 cxd5 11. cxd5 Qe7+ 12. Be3 Qe5 13. Bc4 Rc8 14. Qd3
Ng4 15. O-O-O Nxe3 16. fxe3 d6 17. Bb5 Rc7 18. Rhf1 a6 19. Ba4 b5 20. Bc2 g6
21. Rf4 Nd7 22. Rdf1 Nc5 23. Qd4 Qe8 24. Kb1 a5 25. b4 axb4 26. axb4 Ra3 27.
bxc5 dxc5 28. Qf6 b4 29. Re4 Qd7 30. Nb5 Qxb5 31. Qd8+ Kg7 32. Qf6+ Kg8 33.
Qd8+ Kg7 34. Qf6+ Kg8 35. Qd8+ Kg7 1/2-1/2

[Event "Sygnity Extraliga 2013"]
[Site "Katowice"]
[Date "2013.09.14"]
[Round "7"]
[White "Lisowski, Krzysztof"]
[Black "Sabuk, Piotr"]
[Result "0-1"]
[WhiteElo "2165"]
[BlackElo "2292"]
[PlyCount "62"]
[EventDate "2013.09.??"]
[EventType "team-swiss"]
[EventRounds "9"]
[EventCountry "POL"]
[SourceDate "2005.09.12"]

1. e4 e5 2. f4 exf4 3. Nf3 d6 4. Bc4 h6 5. h4 Nf6 6. d3 Nh5 7. Ne5 dxe5 8. Qxh5
Qe7 9. Nc3 c6 10. g3 fxg3 11. Bg5 g6 12. Bxe7 gxh5 13. Bxf8 Rxf8 14. O-O Nd7
15. Rf5 f6 16. Rxh5 Nb6 17. Rxh6 Nxc4 18. dxc4 Be6 19. b3 Rd8 20. Rd1 Kf7 21.
Rh7+ Kg6 22. Rxb7 Rxd1+ 23. Nxd1 Rd8 24. Ne3 Bh3 25. h5+ Kg5 26. Rg7+ Kf4 27.
Ng2+ Bxg2 28. Kxg2 Rd2+ 29. Kf1 Kf3 30. Ke1 Rh2 31. Rg6 g2 0-1

[Event "Sygnity Extraliga 2013"]
[Site "Katowice"]
[Date "2013.09.14"]
[Round "7"]
[White "Szczepkowska-horowska, Karina"]
[Black "Gorecka, Joanna"]
[Result "1-0"]
[WhiteElo "2376"]
[BlackElo "2107"]
[PlyCount "77"]
[EventDate "2013.09.??"]
[EventType "team-swiss"]
[EventRounds "9"]
[EventCountry "POL"]
[SourceDate "2005.09.12"]

1. e4 c5 2. Nf3 e6 3. d3 Nc6 4. Nbd2 g6 5. g3 Bg7 6. Bg2 Nge7 7. O-O O-O 8. Re1
d5 9. e5 Qc7 10. Qe2 b6 11. h4 h5 12. Nf1 Nf5 13. c3 Ba6 14. Bf4 Rad8 15. Qd2
d4 16. c4 b5 17. b3 bxc4 18. bxc4 Rb8 19. N1h2 Qa5 20. Qe2 Qa3 21. Nd2 Nb4 22.
Nb3 Rfc8 23. Be4 Rb6 24. g4 hxg4 25. Nxg4 Kf8 26. h5 gxh5 27. Nf6 Bxf6 28. exf6
Nd6 29. Qxh5 Ke8 30. Bxd6 Rxd6 31. Qh8+ Kd7 32. Qg7 Kc7 33. Nxc5 Kb8 34. Nxa6+
Rxa6 35. Qxf7 Rc7 36. Qg8+ Rc8 37. Qg3+ Rc7 38. Rab1 Rb6 39. c5 1-0

[Event "Sygnity Extraliga 2013"]
[Site "Katowice"]
[Date "2013.09.14"]
[Round "7"]
[White "Dziuba, Marcin"]
[Black "Gajewski, Grzegorz"]
[Result "1/2-1/2"]
[WhiteElo "2585"]
[BlackElo "2646"]
[PlyCount "80"]
[EventDate "2013.09.??"]
[EventType "team-swiss"]
[EventRounds "9"]
[EventCountry "POL"]
[SourceDate "2005.09.12"]

1. c4 Nf6 2. g3 c6 3. Nf3 d5 4. Bg2 dxc4 5. O-O Nbd7 6. Na3 Nb6 7. Qc2 Be6 8.
Ng5 Bg4 9. Nxc4 Bxe2 10. Ne5 Bh5 11. Re1 Nbd7 12. d4 e6 13. Nexf7 Bxf7 14. Qb3
Be7 15. Nxf7 Kxf7 16. Rxe6 Nd5 17. Bxd5 cxd5 18. Qxd5 Nf6 19. Qb3 Kg6 20. Bf4
Re8 21. Rae1 Qd7 22. R1e5 h6 23. Qd3+ Kf7 24. d5 Rad8 25. Bxh6 gxh6 26. Qf5 Qa4
27. Rxe7+ Rxe7 28. Rxe7+ Kxe7 29. Qe6+ Kf8 30. Qxf6+ Ke8 31. Qe6+ Kf8 32. Qf6+
Ke8 33. Qe6+ Kf8 34. Qf6+ Ke8 35. Qe6+ Kf8 36. Qf6+ Ke8 37. Qe6+ Kf8 38. Qf6+
Ke8 39. Qe6+ Kf8 40. Qf6+ Ke8 1/2-1/2

[Event "Sygnity Extraliga 2013"]
[Site "Katowice"]
[Date "2013.09.14"]
[Round "7"]
[White "Socko, Bartosz"]
[Black "Hera, Imre"]
[Result "1-0"]
[WhiteElo "2645"]
[BlackElo "2564"]
[PlyCount "81"]
[EventDate "2013.09.??"]
[EventType "team-swiss"]
[EventRounds "9"]
[EventCountry "POL"]
[SourceDate "2005.09.12"]

1. d4 d5 2. c4 c6 3. Nf3 Nf6 4. e3 Bf5 5. Nc3 e6 6. Nh4 Be4 7. f3 Bg6 8. Qb3
Qc7 9. Bd2 Be7 10. Nxg6 hxg6 11. O-O-O a6 12. c5 Nbd7 13. Na4 Rb8 14. h3 e5 15.
Kb1 exd4 16. exd4 Nf8 17. Qe3 Ne6 18. Bd3 Nh5 19. Bxg6 Nhf4 20. Bf5 Nxg2 21.
Qg1 Ngf4 22. Re1 Kf8 23. Nb6 Rd8 24. h4 Bf6 25. Qg4 g6 26. Bxf4 Nxf4 27. Nd7+
Rxd7 28. Bxd7 Bxd4 29. h5 Be5 30. hxg6 Rxh1 31. Rxh1 Nxg6 32. Bf5 Ne7 33. Bc2
Bf6 34. Qh5 Qf4 35. Qh6+ Qxh6 36. Rxh6 Bd4 37. b4 Bc3 38. a3 a5 39. bxa5 Bd4
40. Rh4 Bxc5 41. Rh8+ 1-0

[Event "Sygnity Extraliga 2013"]
[Site "Katowice"]
[Date "2013.09.14"]
[Round "7"]
[White "Drozdowski, Kacper"]
[Black "Miton, Kamil"]
[Result "1/2-1/2"]
[WhiteElo "2449"]
[BlackElo "2603"]
[PlyCount "157"]
[EventDate "2013.09.??"]
[EventType "team-swiss"]
[EventRounds "9"]
[EventCountry "POL"]
[SourceDate "2005.09.12"]

1. c4 e5 2. Nc3 Bb4 3. Qc2 Nf6 4. Nf3 Qe7 5. e3 O-O 6. a3 Bxc3 7. Qxc3 Nc6 8.
b4 d5 9. cxd5 Nxd5 10. Qc5 Qxc5 11. bxc5 f6 12. Bb2 Be6 13. d4 e4 14. Nd2 f5
15. Bc4 Rae8 16. O-O Bf7 17. Rae1 Na5 18. Bb5 Re7 19. Rc1 Be8 20. a4 a6 21. Be2
Nc6 22. Ba3 Bf7 23. Nc4 f4 24. Rfe1 Be6 25. Bf1 fxe3 26. fxe3 Ree8 27. Nd2 Nf6
28. Rb1 Bd5 29. Be2 Rb8 30. Rf1 Rf7 31. h3 Ne7 32. Bxa6 Ra8 33. Bxb7 Rxa4 34.
Bxd5 Nexd5 35. Rb3 Rf8 36. c6 Rfa8 37. Bc5 Ra2 38. Rf2 Rc2 39. g4 h6 40. Nf1
Rc1 41. Kh2 Re1 42. Bb4 Rc1 43. Bc5 Ra6 44. Ng3 Rxc6 45. Ra3 Rc3 46. Rxc3 Nxc3
47. Nf5 Ra6 48. Rg2 Nfd5 49. g5 Kh7 50. gxh6 g6 51. Ng3 Rf6 52. Rc2 Rf3 53. Bb4
Rxe3 54. Bxc3 Nxc3 55. h4 Rd3 56. Rf2 Kxh6 57. Rf6 e3 58. h5 e2 59. Rxg6+ Kh7
60. Re6 Rxd4 61. Re7+ Kg8 62. Nxe2 Nxe2 63. Rxe2 Rh4+ 64. Kg3 Rxh5 65. Re7 Rc5
66. Kf4 Kf8 67. Rh7 Ke8 68. Ke4 Kd8 69. Kd4 Rc1 70. Kd3 Kc8 71. Kd2 Rc5 72. Kd3
Kb7 73. Rh6 c6 74. Rh8 Kb6 75. Rb8+ Kc7 76. Rh8 Rg5 77. Kc4 Rg6 78. Kc5 Rg5+
79. Kc4 1/2-1/2

[Event "Sygnity Extraliga 2013"]
[Site "Katowice"]
[Date "2013.09.15"]
[Round "8"]
[White "Tomczak, Jacek"]
[Black "Gajewski, Grzegorz"]
[Result "1/2-1/2"]
[WhiteElo "2583"]
[BlackElo "2646"]
[PlyCount "81"]
[EventDate "2013.09.??"]
[EventType "team-swiss"]
[EventRounds "9"]
[EventCountry "POL"]
[SourceDate "2005.09.12"]

1. e4 e5 2. Nf3 Nc6 3. d4 exd4 4. Nxd4 Bb4+ 5. c3 Bc5 6. Nxc6 bxc6 7. Bd3 Qh4
8. Qe2 Nf6 9. Be3 Bxe3 10. Qxe3 O-O 11. Nd2 Re8 12. g3 Qh5 13. f3 Rb8 14. b3
Qa5 15. b4 Qa3 16. Qd4 Ba6 17. Bxa6 Qxa6 18. Kf2 d6 19. Rhe1 Nd7 20. Qc4 Qc8
21. Kg2 c5 22. a3 a5 23. b5 Ne5 24. Qf1 a4 25. Rab1 Qe6 26. f4 Qa2 27. Qe2 Nd7
28. Nc4 Qxe2+ 29. Rxe2 f5 30. e5 Nb6 31. Nxb6 Rxb6 32. c4 Kf7 33. Rbe1 d5 34.
cxd5 Rxb5 35. Rc1 Rd8 36. Rc4 Ra5 37. Rd2 Ke7 38. h3 h5 39. g4 hxg4 40. hxg4 c6
41. d6+ 1/2-1/2

[Event "Sygnity Extraliga 2013"]
[Site "Katowice"]
[Date "2013.09.15"]
[Round "8"]
[White "Urban, Klaudiusz"]
[Black "Miton, Kamil"]
[Result "1/2-1/2"]
[WhiteElo "2441"]
[BlackElo "2603"]
[PlyCount "87"]
[EventDate "2013.09.??"]
[EventType "team-swiss"]
[EventRounds "9"]
[EventCountry "POL"]
[SourceDate "2005.09.12"]

1. d4 Nf6 2. c4 e6 3. Nc3 Bb4 4. e3 b6 5. Nge2 c5 6. a3 Ba5 7. Rb1 Na6 8. Bd2
O-O 9. Ng3 cxd4 10. exd4 Bxc3 11. bxc3 Nc7 12. Bd3 d5 13. cxd5 Qxd5 14. O-O Bb7
15. f3 Ba6 16. Be4 Qd7 17. Re1 Rac8 18. Rc1 Ncd5 19. Bb1 Rc7 20. Ne4 Rfc8 21.
Qb3 Ne8 22. a4 Nd6 23. Nxd6 Qxd6 24. Be4 Bc4 25. Qb1 h6 26. Qa1 Qd7 27. Qa3 Rc6
28. Ra1 R8c7 29. Kh1 Rc8 30. Kg1 R6c7 31. Rac1 Qd8 32. Rb1 Qd7 33. Rbc1 Rd8 34.
Rb1 Qc8 35. Ra1 Qa6 36. Qb2 Qc8 37. Qa3 Qd7 38. Rab1 Rcc8 39. Rbc1 Ne7 40. Bf4
Nd5 41. Bd2 Ne7 42. Bf4 Bd5 43. Bd3 Bc4 44. Be4 1/2-1/2

[Event "Sygnity Extraliga 2013"]
[Site "Katowice"]
[Date "2013.09.15"]
[Round "8"]
[White "Sieciechowicz, Marcin"]
[Black "Dziuba, Marcin"]
[Result "1/2-1/2"]
[WhiteElo "2458"]
[BlackElo "2585"]
[PlyCount "92"]
[EventDate "2013.09.??"]
[EventType "team-swiss"]
[EventRounds "9"]
[EventCountry "POL"]
[SourceDate "2005.09.12"]

1. d4 d5 2. c4 c6 3. Nf3 Nf6 4. cxd5 cxd5 5. Nc3 Nc6 6. Bf4 a6 7. e3 Bg4 8. Be2
e6 9. Ne5 Bxe2 10. Qxe2 Rc8 11. O-O Be7 12. Rfc1 O-O 13. Nxc6 Rxc6 14. Na4 Qd7
15. Qd1 Rfc8 16. Nc3 Rc4 17. Ne2 Qb5 18. b3 Rxc1 19. Rxc1 Rxc1 20. Nxc1 Qc6 21.
Ne2 Ne4 22. Kf1 Bb4 23. f3 Nc3 24. Qc2 Qb5 25. a4 Qxe2+ 26. Qxe2 Nxe2 27. Kxe2
f6 28. Bg3 Kf7 29. Be1 Bd6 30. Bg3 Be7 31. Be1 h5 32. h3 Bd6 33. g4 Kg6 34. f4
hxg4 35. hxg4 f5 36. Kf3 Kf7 37. Bd2 Kg6 38. Be1 Be7 39. Bd2 Kf7 40. Be1 Ke8
41. Bd2 Kd7 42. Be1 Kc6 43. Bd2 Kd7 44. Be1 Ke8 45. Bd2 Kf7 46. Be1 Kg6 1/2-1/2

[Event "Sygnity Extraliga 2013"]
[Site "Katowice"]
[Date "2013.09.15"]
[Round "8"]
[White "Bartel, Mateusz"]
[Black "Jakubowski, Krzysztof"]
[Result "1-0"]
[WhiteElo "2635"]
[BlackElo "2513"]
[PlyCount "65"]
[EventDate "2013.09.??"]
[EventType "team-swiss"]
[EventRounds "9"]
[EventCountry "POL"]
[SourceDate "2005.09.12"]

1. e4 e5 2. Nf3 Nc6 3. Bb5 a6 4. Ba4 d6 5. Bxc6+ bxc6 6. d4 exd4 7. Nxd4 Bd7 8.
O-O Be7 9. Qf3 Bg5 10. e5 Bxc1 11. Rxc1 Ne7 12. Qg3 c5 13. Nf3 Nf5 14. Qf4 O-O
15. Nbd2 Qb8 16. b3 Re8 17. Ne4 Qb6 18. Rd1 Qc6 19. Qg4 Kh8 20. Neg5 Nh6 21.
Qf4 Rf8 22. exd6 f6 23. Ne4 g5 24. Nexg5 Rae8 25. Qh4 Kg7 26. dxc7 Bg4 27. h3
Bc8 28. Qg3 Kh8 29. Rd6 Qb7 30. Qh4 Kg7 31. Rad1 Qxc7 32. Qg3 Kh8 33. Rxf6 1-0

[Event "Sygnity Extraliga 2013"]
[Site "Katowice"]
[Date "2013.09.15"]
[Round "8"]
[White "Stachowiak, Kamil"]
[Black "Bednarek, Sylwester"]
[Result "1-0"]
[WhiteElo "2445"]
[BlackElo "2307"]
[PlyCount "91"]
[EventDate "2013.09.??"]
[EventType "team-swiss"]
[EventRounds "9"]
[EventCountry "POL"]
[SourceDate "2005.09.12"]

1. d4 d5 2. c4 c6 3. Nf3 Nf6 4. Nc3 a6 5. e3 b5 6. c5 Bg4 7. Qb3 Bxf3 8. gxf3
e5 9. a4 Nbd7 10. Qa3 b4 11. Qxb4 Rb8 12. Qa3 a5 13. Bd2 g6 14. Bd3 exd4 15.
exd4 Bg7 16. Ne2 O-O 17. Qc3 Nh5 18. O-O-O Qh4 19. Be3 Rb4 20. Bc2 Rfb8 21. b3
Nf8 22. Qe1 Ne6 23. Rg1 Qxh2 24. Rh1 Qc7 25. Qg1 Nhf4 26. Nxf4 Nxf4 27. Qf1
R8b7 28. Rh4 Ne6 29. Qh3 Rxb3 30. Rxh7 Qb8 31. Kd2 Rb2 32. Rc1 R7b3 33. Kd1 Qb4
34. Bxg6 Qb7 35. Bf5 Rxe3 36. fxe3 Qb3+ 37. Rc2 Ng5 38. Rxg7+ Kxg7 39. Qg3 Rb1+
40. Ke2 f6 41. f4 Qb8 42. Qg2 Qb4 43. fxg5 Qe1+ 44. Kf3 Qh4 45. gxf6+ Kxf6 46.
Qg6+ 1-0

[Event "Sygnity Extraliga 2013"]
[Site "Katowice"]
[Date "2013.09.15"]
[Round "8"]
[White "Jasik, Krzysztof"]
[Black "Zarebski, Cezary"]
[Result "1-0"]
[WhiteElo "2361"]
[BlackElo "2013"]
[PlyCount "65"]
[EventDate "2013.09.??"]
[EventType "team-swiss"]
[EventRounds "9"]
[EventCountry "POL"]
[SourceDate "2005.09.12"]

1. e4 e5 2. Nf3 Nc6 3. Bb5 a6 4. Ba4 Nf6 5. O-O Nxe4 6. Re1 Nf6 7. Nxe5 Be7 8.
d4 O-O 9. c4 Nxe5 10. dxe5 Ne8 11. Nc3 c6 12. Bc2 f5 13. Bf4 Bg5 14. Bxg5 Qxg5
15. c5 b5 16. cxb6 Rb8 17. Na4 f4 18. Qd3 g6 19. f3 Qe7 20. Rad1 Kh8 21. Qc3
Ng7 22. b4 Ne6 23. Rd6 Re8 24. Bb3 Qf8 25. Red1 g5 26. Bc2 Qg7 27. Bb3 Nf8 28.
Rf6 Ng6 29. Re1 Re7 30. Bc2 Nf8 31. Qc5 Qxf6 32. exf6 Rxe1+ 33. Kf2 1-0

[Event "Sygnity Extraliga 2013"]
[Site "Katowice"]
[Date "2013.09.15"]
[Round "8"]
[White "Heberla, Bartlomiej"]
[Black "Piorun, Kacper"]
[Result "1-0"]
[WhiteElo "2547"]
[BlackElo "2564"]
[PlyCount "73"]
[EventDate "2013.09.??"]
[EventType "team-swiss"]
[EventRounds "9"]
[EventCountry "POL"]
[SourceDate "2005.09.12"]

1. e4 c6 2. d4 d5 3. Nc3 dxe4 4. Nxe4 Bf5 5. Ng3 Bg6 6. Nh3 e6 7. Nf4 Qh4 8.
Nxg6 hxg6 9. Qd3 Na6 10. c3 Nf6 11. Qf3 Nc7 12. Ne2 Bd6 13. g3 Qh5 14. Qxh5
gxh5 15. Bg2 e5 16. O-O Ne6 17. Bh3 exd4 18. Bxe6 fxe6 19. Nxd4 Kd7 20. Re1 h4
21. Bg5 hxg3 22. hxg3 Rae8 23. Rad1 Rh5 24. Nf3 Kc7 25. Be3 Ra5 26. a3 Ng4 27.
Kg2 Rb5 28. b4 a5 29. c4 Nxe3+ 30. Rxe3 Rf5 31. c5 Bf8 32. Ne5 axb4 33. axb4
Rd8 34. Rxd8 Kxd8 35. Ng6 Kd7 36. Rd3+ Kc7 37. Rf3 1-0

[Event "Sygnity Extraliga 2013"]
[Site "Katowice"]
[Date "2013.09.16"]
[Round "9"]
[White "Sadzikowski, Daniel"]
[Black "Tomczak, Jacek"]
[Result "1/2-1/2"]
[WhiteElo "2458"]
[BlackElo "2583"]
[PlyCount "64"]
[EventDate "2013.09.??"]
[EventType "team-swiss"]
[EventRounds "9"]
[EventCountry "POL"]
[SourceDate "2005.09.12"]

1. d4 Nf6 2. c4 g6 3. Nc3 d5 4. Qb3 dxc4 5. Qxc4 Bg7 6. e4 O-O 7. Be2 Nc6 8.
Nf3 e5 9. d5 Nd4 10. Nxd4 exd4 11. Qxd4 c6 12. Qd1 Re8 13. O-O Nxe4 14. Nxe4
Rxe4 15. dxc6 Rd4 16. Qc2 Bf5 17. Qc5 bxc6 18. Be3 Rd7 19. Rad1 Be4 20. Rxd7
Qxd7 21. Rd1 Qe6 22. b3 Bd5 23. Qa5 Bf8 24. Bf3 Bxf3 25. gxf3 Qh3 26. Rd8 Rxd8
27. Qxd8 Qxf3 28. Bc5 Qg4+ 29. Kf1 Qh3+ 30. Kg1 Qg4+ 31. Kf1 Qh3+ 32. Kg1 Qg4+
1/2-1/2

[Event "Sygnity Extraliga 2013"]
[Site "Katowice"]
[Date "2013.09.16"]
[Round "9"]
[White "Szelag, Marcin"]
[Black "Jakubiec, Artur"]
[Result "1-0"]
[WhiteElo "2464"]
[BlackElo "2525"]
[PlyCount "79"]
[EventDate "2013.09.??"]
[EventType "team-swiss"]
[EventRounds "9"]
[EventCountry "POL"]
[SourceDate "2005.09.12"]

1. e4 c5 2. Nf3 Nc6 3. d4 cxd4 4. Nxd4 Nf6 5. Nc3 e5 6. Ndb5 d6 7. Bg5 a6 8.
Na3 b5 9. Bxf6 gxf6 10. Nd5 f5 11. c3 Bg7 12. Bd3 Be6 13. Qh5 O-O 14. O-O fxe4
15. Bxe4 f5 16. Nf4 exf4 17. Bxc6 Rc8 18. Qe2 Rf6 19. Bb7 Rb8 20. Qf3 d5 21.
Bxa6 d4 22. Bxb5 dxc3 23. bxc3 Qe7 24. c4 Rh6 25. Rad1 Qh4 26. h3 Kh8 27. Bd7
Bf7 28. Bxf5 Rg8 29. Bg4 Qg5 30. Rfe1 Rf6 31. Nb5 h5 32. Bd7 Bf8 33. Be8 Bxc4
34. Nc3 Qa5 35. Re4 Qa8 36. Bxh5 Ba6 37. Re8 Qa7 38. Ne4 Rc6 39. Qxf4 Qg7 40.
Bg4 1-0

[Event "Sygnity Extraliga 2013"]
[Site "Katowice"]
[Date "2013.09.16"]
[Round "9"]
[White "Oliwa, Marek"]
[Black "Moranda, Wojciech"]
[Result "0-1"]
[WhiteElo "2413"]
[BlackElo "2591"]
[PlyCount "100"]
[EventDate "2013.09.??"]
[EventType "team-swiss"]
[EventRounds "9"]
[EventCountry "POL"]
[SourceDate "2005.09.12"]

1. d4 Nf6 2. Nf3 g6 3. Nc3 d5 4. Bf4 Bg7 5. e3 O-O 6. Be2 c5 7. Ne5 Nc6 8. Nxc6
bxc6 9. Be5 Bh6 10. O-O Nd7 11. Bg3 Qa5 12. a3 Bg7 13. Qd2 cxd4 14. exd4 e5 15.
dxe5 Nxe5 16. b4 Qd8 17. Rad1 Bf5 18. Na4 a5 19. b5 cxb5 20. Bxb5 Rc8 21. c3
Nc4 22. Qxd5 Qxd5 23. Rxd5 Nxa3 24. Be2 Rfe8 25. Bf3 Nc4 26. h3 Bc2 27. Ra1
Bxa4 28. Rxa4 Bxc3 29. Bg4 f5 30. Bf3 Nd2 31. h4 Re1+ 32. Kh2 Nf1+ 33. Kh3 Nxg3
34. Kxg3 Be5+ 35. Rf4 Bc7 36. Rd7 Rb1 37. Bd5+ Kh8 38. Kf3 Bxf4 39. Kxf4 Rb4+
40. Kg5 Rg4+ 41. Kf6 Rxh4 42. Ra7 a4 43. Kg5 Rh5+ 44. Kf6 f4 45. Be6 Rf8+ 46.
Ke7 Kg7 47. Kd6+ Kh6 48. Rxa4 Rf6 49. Ke7 Kg7 50. Kd6 Rg5 0-1

[Event "Sygnity Extraliga 2013"]
[Site "Katowice"]
[Date "2013.09.16"]
[Round "9"]
[White "Grabarczyk, Miroslaw"]
[Black "Murdzia, Piotr"]
[Result "1/2-1/2"]
[WhiteElo "2463"]
[BlackElo "2466"]
[PlyCount "83"]
[EventDate "2013.09.??"]
[EventType "team-swiss"]
[EventRounds "9"]
[EventCountry "POL"]
[SourceDate "2005.09.12"]

1. d4 Nf6 2. c4 e6 3. Nf3 b6 4. g3 Bb7 5. Bg2 Be7 6. O-O c5 7. d5 exd5 8. Nh4
g6 9. cxd5 d6 10. Bh6 Nbd7 11. h3 Bf8 12. Bxf8 Kxf8 13. Nc3 Kg7 14. Nf3 Qe7 15.
Nd2 h5 16. h4 Ng4 17. Nde4 Ndf6 18. Qd2 Nxe4 19. Nxe4 Rad8 20. a4 Qe5 21. Rfd1
Rhe8 22. Ra3 Ba6 23. Rc3 Qf5 24. f3 Nf6 25. Nxf6 Qxf6 26. e4 Qe5 27. f4 Qf6 28.
Re3 Re7 29. Bf3 Rde8 30. Kf2 Bc8 31. Rde1 Bg4 32. Bg2 Qd4 33. Qxd4+ cxd4 34.
Rd3 Rc8 35. Rxd4 Rc2+ 36. Kg1 Rxb2 37. Rc1 f6 38. Rc6 Rb1+ 39. Kf2 Rb2+ 40. Kg1
Rb1+ 41. Kf2 Rb2+ 42. Kf1 1/2-1/2

[Event "Sygnity Extraliga 2013"]
[Site "Katowice"]
[Date "2013.09.16"]
[Round "9"]
[White "Jaracz, Pawel"]
[Black "Lisowski, Krzysztof"]
[Result "1-0"]
[WhiteElo "2506"]
[BlackElo "2165"]
[PlyCount "45"]
[EventDate "2013.09.??"]
[EventType "team-swiss"]
[EventRounds "9"]
[EventCountry "POL"]
[SourceDate "2005.09.12"]

1. c4 Nf6 2. Nc3 e6 3. d4 d5 4. cxd5 exd5 5. Bg5 Nbd7 6. e3 c6 7. Bd3 Be7 8.
Qc2 O-O 9. Nge2 Re8 10. O-O Nf8 11. f3 Nh5 12. Bxe7 Qxe7 13. e4 dxe4 14. fxe4
Be6 15. Na4 Rad8 16. Nc5 Bc8 17. Bc4 Ne6 18. Rad1 Kh8 19. Nb3 Nf6 20. Ng3 Ng5
21. Rde1 Nfxe4 22. Nxe4 Nxe4 23. Bxf7 1-0

[Event "Sygnity Extraliga 2013"]
[Site "Katowice"]
[Date "2013.09.16"]
[Round "9"]
[White "Mastrovasilis, Dimitrios"]
[Black "Hera, Imre"]
[Result "1/2-1/2"]
[WhiteElo "2593"]
[BlackElo "2564"]
[PlyCount "31"]
[EventDate "2013.09.??"]
[EventType "team-swiss"]
[EventRounds "9"]
[EventCountry "POL"]
[SourceDate "2005.09.12"]

1. e4 c6 2. Nf3 d5 3. Nc3 Bg4 4. h3 Bxf3 5. Qxf3 e6 6. g3 Nd7 7. Bg2 g6 8. Qe2
Ne7 9. d3 Bg7 10. O-O O-O 11. Kh1 Qb6 12. f4 Qa6 13. Qf2 Qb6 14. Qe2 Qa6 15.
Qf2 Qb6 16. Qe2 1/2-1/2

[Event "Sygnity Extraliga 2013"]
[Site "Katowice"]
[Date "2013.09.16"]
[Round "9"]
[White "Gajek, Radoslaw"]
[Black "Jasik, Krzysztof"]
[Result "1-0"]
[WhiteElo "2247"]
[BlackElo "2361"]
[PlyCount "139"]
[EventDate "2013.09.??"]
[EventType "team-swiss"]
[EventRounds "9"]
[EventCountry "POL"]
[SourceDate "2005.09.12"]

1. e4 c5 2. Nf3 Nc6 3. Bb5 d6 4. O-O Bd7 5. c3 Nf6 6. Re1 a6 7. Bf1 Bg4 8. h3
Bxf3 9. Qxf3 e5 10. d3 Be7 11. Nd2 O-O 12. g3 Ne8 13. Qd1 Kh8 14. Nf3 Qb6 15.
b3 Nc7 16. Be3 d5 17. exd5 Nxd5 18. Bd2 Bf6 19. h4 Qd8 20. Bg2 b5 21. Nh2 b4
22. cxb4 Ncxb4 23. a3 Nc6 24. Rc1 Qd6 25. b4 cxb4 26. Qb3 Rfd8 27. Qxd5 Qxd5
28. Bxd5 Rxd5 29. Rxc6 bxa3 30. Ra1 Rxd3 31. Bb4 Rb3 32. Bxa3 e4 33. Rac1 h5
34. Bd6 e3 35. fxe3 Rxe3 36. R1c5 Re6 37. Rc8+ Rxc8 38. Rxc8+ Kh7 39. Bb4 Rb6
40. Rc4 Rb5 41. Nf3 a5 42. Bd2 Rb1+ 43. Kf2 Ra1 44. Rc5 a4 45. Rxh5+ Kg6 46.
Ra5 a3 47. h5+ Kh7 48. Ra6 a2 49. Bc3 Rh1 50. Bxf6 gxf6 51. Rxa2 Rxh5 52. Nh4
Rb5 53. Kg2 Kg7 54. Rf2 Ra5 55. Kh3 Rb5 56. Rf5 Rb4 57. Ng2 Kg6 58. Rd5 Ra4 59.
Nf4+ Kg7 60. Kg4 Ra3 61. Kf5 Re3 62. g4 Rf3 63. Ke4 Ra3 64. Rd6 Ra4+ 65. Kf5
Ra5+ 66. Rd5 Ra1 67. Nh5+ Kh6 68. Kxf6 Ra4 69. Ng3 Kh7 70. Kxf7 1-0

[Event "Sygnity Extraliga 2013"]
[Site "Katowice"]
[Date "2013.09.16"]
[Round "9"]
[White "Zawadzka, Jolanta"]
[Black "Czarnota, Dorota"]
[Result "1-0"]
[WhiteElo "2377"]
[BlackElo "2202"]
[PlyCount "159"]
[EventDate "2013.09.??"]
[EventType "team-swiss"]
[EventRounds "9"]
[EventCountry "POL"]
[SourceDate "2005.09.12"]

1. e4 c6 2. Nc3 d5 3. Nf3 a6 4. d4 Bg4 5. Bd3 e6 6. h3 Bh5 7. O-O Nf6 8. Be3
Be7 9. a3 O-O 10. Re1 Bg6 11. e5 Nfd7 12. Ne2 c5 13. c4 dxc4 14. Bxg6 hxg6 15.
d5 exd5 16. Qxd5 Nc6 17. Rad1 Nb6 18. Qe4 Qc8 19. Bg5 Qf5 20. Qh4 f6 21. exf6
gxf6 22. Ng3 fxg5 23. Nxf5 gxh4 24. Nxe7+ Nxe7 25. Rxe7 Rf7 26. Re6 Na4 27. Ne5
Nxb2 28. Rb1 c3 29. Nxf7 Kxf7 30. Re3 Na4 31. Rxb7+ Kf8 32. Re4 Rd8 33. Rxh4
Kg8 34. Rxa4 c2 35. Rc4 Rd1+ 36. Kh2 c1=Q 37. Rxc1 Rxc1 38. Ra7 c4 39. Rxa6 Kf7
40. Kg3 c3 41. Rc6 Ke7 42. Kf3 Kd7 43. Rc4 Kd6 44. Ke4 c2 45. Kd3 Rg1 46. Rxc2
Rxg2 47. Ke2 Rg1 48. Rc3 Ra1 49. Kf3 Ke5 50. Rc5+ Kf6 51. Ra5 Rh1 52. Kg2 Ra1
53. a4 Ra3 54. f3 Ra1 55. h4 Ra2+ 56. Kg3 Ra1 57. Ra8 Rg1+ 58. Kf2 Rh1 59. Rf8+
Ke5 60. Re8+ Kf5 61. Re4 Ra1 62. Rb4 Ra3 63. Kg3 Ra1 64. Rb5+ Kf6 65. a5 Ra4
66. h5 gxh5 67. Rxh5 Kg6 68. Rb5 Kf7 69. f4 Kg6 70. Kg4 Kf6 71. Rb6+ Kf7 72. a6
Ra5 73. f5 Ra1 74. f6 Ra5 75. Kf4 Kg6 76. Ke4 Kf7 77. Kd4 Kg6 78. Kc4 Kf7 79.
Kb4 Ra1 80. Kb5 1-0